[Event "Regionalliga Nord-Ost 1718"]
[Site "Bayern"]
[Date "2018.01.21"]
[Round "5.8"]
[White "Hofmann, Martin"]
[Black "Walther, Reinhard"]
[Result "1-0"]
[WhiteElo "2045"]
[BlackElo "1873"]
[PlyCount "73"]
[EventDate "2017.10.22"]
[EventType "team-tourn"]
[EventRounds "9"]
[EventCountry "GER"]
[SourceTitle "EXT 2022"]
[Source "ChessBase"]
[SourceDate "2021.10.06"]
[SourceVersion "1"]
[SourceVersionDate "2021.10.06"]
[SourceQuality "1"]
[WhiteTeam "Weiden"]
[BlackTeam "Herzogenaurach II"]
[WhiteTeamCountry "GER"]
[BlackTeamCountry "GER"]

1. e4 d6 2. d4 Nf6 3. Bd3 e5 4. c3 Be7 5. Ne2 Bg4 6. 0-0 Nbd7 7. f3 Bh5 8. Be3 h6 9. c4 c6 10. Nbc3 Qc7 11. Rc1 g5 12. Qd2 Bg6 13. a3 Nf8 14. b4 Qd7 15. Bc2 Ne6 16. Rfd1 Nf4 17. c5 Rd8 18. Qe1 Qc8 19. d5 dxc5 20. dxc6 Rxd1 21. Nxd1 bxc6 22. Nxf4 gxf4 23. Bxc5 Bxc5+ 24. bxc5 Rg8 25. Qc3 Qc7 26. Nb2 Nd7 27. Nc4 Ke7 28. Bb3 Rb8 29. Ba2 Rb5 30. Qe1 f6 31. Qh4 h5 32. g4 hxg4 33. Qxg4 Bf7 34. Nd6 Bxa2 35. Qg7+ Kd8 36. Qh8+ Ke7 37. Qe8# 1-0

[Event "Oberliga Wuerttemberg 1617"]
[Site "Wuerttemberg"]
[Date "2016.11.13"]
[Round "4.6"]
[White "Lemke, Johannes"]
[Black "Hofmann, Martin"]
[Result "1/2-1/2"]
[WhiteElo "2079"]
[BlackElo "2231"]
[PlyCount "149"]
[EventDate "2016.09.25"]
[EventType "team-tourn"]
[EventRounds "11"]
[EventCountry "GER"]
[SourceTitle "EXT 2019"]
[Source "ChessBase"]
[SourceDate "2018.10.10"]
[SourceVersion "1"]
[SourceVersionDate "2018.10.10"]
[SourceQuality "1"]
[WhiteTeam "Sontheim/Brenz"]
[BlackTeam "Stuttgart SF"]
[WhiteTeamCountry "GER"]
[BlackTeamCountry "GER"]

1. d4 Nf6 2. Nf3 e6 3. Bg5 Be7 4. Nbd2 d5 5. e3 Nbd7 6. Bd3 b6 7. Qe2 Bb7 8. 0-0 0-0 9. e4 dxe4 10. Nxe4 h6 11. Bxf6 Nxf6 12. Rad1 Re8 13. c4 Qc8 14. Ne5 a6 15. f4 c5 16. dxc5 Nxe4 17. Bxe4 Qxc5+ 18. Kh1 Bxe4 19. Qxe4 Ra7 20. b4 Qc8 21. Nc6 Rc7 22. b5 axb5 23. cxb5 Rd7 24. a4 Qb7 25. Rfe1 g6 26. h3 Bf6 27. Qf3 Kg7 28. Rxd7 Qxd7 29. Rd1 Qb7 30. Rd3 h5 31. Qd1 Rc8 32. Qd2 h4 33. Qf2 Ra8 34. Ne5 Qe4 35. Rd7 Qb1+ 36. Kh2 Bxe5 37. fxe5 Qf5 38. Qxf5 gxf5 39. Rd4 Rc8 40. Rxh4 Rc3 41. Rb4 Kg6 42. g4 Kg5 43. h4+ Kxh4 44. gxf5+ Kg5 45. fxe6 fxe6 46. a5 bxa5 47. b6 Rc8 48. Ra4 Rb8 49. Rxa5 Rxb6 50. Kg3 Rb3+ 51. Kf2 Kf4 52. Ra4+ Kxe5 53. Ke2 Kf5 54. Kf2 e5 55. Ke2 Kf6 56. Ra6+ Kg5 57. Ra4 Kf5 58. Kf2 Rc3 59. Ke2 Ke6 60. Kd2 Rh3 61. Ke2 Kf5 62. Kf2 Rh8 63. Ke3 Re8 64. Kf3 Rb8 65. Ke3 Rb5 66. Ke2 Ke6 67. Ke3 Kd5 68. Ke2 e4 69. Ke3 Rb3+ 70. Ke2 Ke5 71. Ra8 Rb5 72. Ke3 Rb3+ 73. Ke2 Rb6 74. Ke3 Rb3+ 75. Ke2 1/2-1/2

[Event "Oberliga Wuerttemberg 1112"]
[Site "Wuerttemberg"]
[Date "2012.02.05"]
[Round "6.3"]
[White "Hofmann, Martin"]
[Black "Kessler, Dietmar"]
[Result "1-0"]
[WhiteElo "2188"]
[BlackElo "2227"]
[PlyCount "101"]
[EventDate "2011.10.09"]
[EventType "team-tourn"]
[EventRounds "9"]
[EventCountry "GER"]
[SourceTitle "EXT 2019"]
[Source "ChessBase"]
[SourceDate "2018.10.10"]
[SourceVersion "1"]
[SourceVersionDate "2018.10.10"]
[SourceQuality "1"]
[WhiteTeam "Stuttgart SF II"]
[BlackTeam "Ebersbach"]
[WhiteTeamCountry "GER"]
[BlackTeamCountry "GER"]

1. d4 b6 2. e4 e6 3. Nf3 Bb7 4. Bd3 g6 5. Bg5 f6 6. Be3 Nh6 7. Qe2 Bg7 8. Nc3 Nf7 9. d5 e5 10. g4 a5 11. h4 Na6 12. h5 g5 13. Nd2 Bf8 14. a3 Nc5 15. Bb5 c6 16. dxc6 dxc6 17. Bc4 Qc7 18. Qf3 Qe7 19. Bxc5 bxc5 20. Ne2 Nd6 21. Ng3 Nxc4 22. Nxc4 Qe6 23. b3 Be7 24. Nf5 0-0 25. a4 Rfd8 26. Rd1 Rd4 27. c3 Rxd1+ 28. Kxd1 Ba6 29. Nfe3 Bd8 30. Kc2 Bc7 31. Rd1 Rd8 32. Qf5 Qxf5 33. Rxd8+ Bxd8 34. exf5 Bc7 35. Kd3 Kf7 36. Ke4 Ke7 37. Nd2 Kd7 38. Nec4 Ke7 39. Kd3 Bb8 40. Ne4 Ba7 41. f3 Kf7 42. Kd2 Bxc4 43. Nd6+ Ke7 44. Nxc4 Bb8 45. Nxa5 Kd7 46. Kd3 Kc7 47. Nc4 Kb7 48. Nd2 Bd6 49. Ne4 Be7 50. Kc4 Kb6 51. h6 1-0

[Event "Oberliga Wuerttemberg 1112"]
[Site "Wuerttemberg"]
[Date "2011.10.23"]
[Round "2.2"]
[White "Naegele, Thomas"]
[Black "Hofmann, Martin"]
[Result "0-1"]
[WhiteElo "2183"]
[BlackElo "2188"]
[PlyCount "126"]
[EventDate "2011.10.09"]
[EventType "team-tourn"]
[EventRounds "9"]
[EventCountry "GER"]
[SourceTitle "EXT 2019"]
[Source "ChessBase"]
[SourceDate "2018.10.10"]
[SourceVersion "1"]
[SourceVersionDate "2018.10.10"]
[SourceQuality "1"]
[WhiteTeam "Pfullingen"]
[BlackTeam "Stuttgart SF II"]
[WhiteTeamCountry "GER"]
[BlackTeamCountry "GER"]

1. e4 c5 2. Nf3 e6 3. d4 cxd4 4. Nxd4 Nc6 5. Nc3 a6 6. g3 Nge7 7. Bg2 Nxd4 8. Qxd4 Nc6 9. Qe3 Be7 10. 0-0 0-0 11. f4 Qc7 12. Kh1 b5 13. b3 Bb7 14. Bb2 Rfe8 15. Rac1 Rac8 16. Rfd1 Red8 17. a4 b4 18. Ne2 Qa5 19. Nd4 Bc5 20. Nxc6 Bxc6 21. Bd4 Bb7 22. Bxc5 Rxc5 23. Rd6 Qc7 24. Qd2 a5 25. e5 g6 26. Bxb7 Qxb7+ 27. Qg2 Qc7 28. Rd2 d5 29. exd6 Rxd6 30. Rcd1 Rxd2 31. Rxd2 Kf8 32. Kg1 Ke7 33. Kf1 Rc3 34. Qe4 h5 35. Ke1 Qb6 36. Kd1 Qg1+ 37. Qe1 Qc5 38. Qe4 h4 39. gxh4 Qg1+ 40. Qe1 Qg4+ 41. Kc1 Qxf4 42. Qg1 Rf3 43. Qg5+ Kf8 44. Kb2 Kg7 45. Rd8 Qc7 46. Qd2 Rc3 47. Rd4 Qe5 48. Kb1 Rh3 49. Rf4 Re3 50. Qd4 Qxd4 51. Rxd4 Rh3 52. Rc4 f5 53. Kc1 Rxh2 54. Kd1 Kf6 55. Rc5 f4 56. Rxa5 f3 57. Ke1 e5 58. Ra8 e4 59. Re8 Kf5 60. a5 Kf4 61. a6 Ke3 62. Rxe4+ Kxe4 63. a7 Ke3 0-1

[Event "Turin Epifania op 36th"]
[Site "Turin"]
[Date "2011.01.06"]
[Round "2"]
[White "Di Chiara, Mauro"]
[Black "Hofmann, Martin"]
[Result "0-1"]
[WhiteElo "1952"]
[BlackElo "2175"]
[PlyCount "102"]
[EventDate "2011.01.05"]
[EventType "swiss"]
[EventRounds "7"]
[EventCountry "ITA"]
[SourceTitle "EXT 2012"]
[Source "ChessBase"]
[SourceDate "2011.11.24"]
[SourceVersion "1"]
[SourceVersionDate "2011.11.24"]
[SourceQuality "1"]

1. Nf3 Nf6 2. d4 b6 3. g3 Bb7 4. Bg2 c5 5. 0-0 cxd4 6. Nxd4 Bxg2 7. Kxg2 g6 8. c4 Bg7 9. Nc3 Qc8 10. Qd3 Na6 11. Ndb5 Nb4 12. Qf3 0-0 13. b3 Nc2 14. Rb1 a6 15. Na3 Nd4 16. Qd3 Qb7+ 17. e4 Ne6 18. Nd5 d6 19. Nc2 Nc5 20. Nxf6+ Bxf6 21. Qd5 Qc7 22. f3 Rfd8 23. Bf4 Rac8 24. Rfd1 b5 25. cxb5 Nxe4 26. Qxe4 Qxc2+ 27. Qxc2 Rxc2+ 28. Rd2 Rxd2+ 29. Bxd2 axb5 30. a4 Rc8 31. Rc1 Rxc1 32. Bxc1 bxa4 33. bxa4 Bd4 34. Kf1 Kf8 35. Ke2 Ke8 36. Kd3 Bg1 37. h3 Kd7 38. Kc4 Kc6 39. Ba3 f5 40. Bb4 d5+ 41. Kd3 e5 42. Ba3 Bc5 43. Bb2 e4+ 44. fxe4 fxe4+ 45. Kd2 d4 46. Ke2 Kd5 47. Bc1 Kc4 48. Bd2 d3+ 49. Kd1 e3 50. Be1 e2+ 51. Kc1 Be3+ 0-1

[Event "Oberliga Wuerttemberg 0910"]
[Site "Wuerttemberg"]
[Date "2009.10.11"]
[Round "1.6"]
[White "Hofmann, Martin"]
[Black "Thoma, Christian"]
[Result "0-1"]
[WhiteElo "2112"]
[BlackElo "2216"]
[PlyCount "103"]
[EventDate "2009.10.11"]
[EventType "team-tourn"]
[EventRounds "9"]
[EventCountry "GER"]
[SourceTitle "EXT 2019"]
[Source "ChessBase"]
[SourceDate "2018.10.10"]
[SourceVersion "1"]
[SourceVersionDate "2018.10.10"]
[SourceQuality "1"]
[WhiteTeam "Stuttgart SF II"]
[BlackTeam "Schmiden/Cannstatt"]
[WhiteTeamCountry "GER"]
[BlackTeamCountry "GER"]

1. d4 Nf6 2. c4 c5 3. Nf3 e6 4. Nc3 cxd4 5. Nxd4 a6 6. g3 d6 7. Bg2 Qc7 8. 0-0 Be7 9. b3 0-0 10. Ba3 Nbd7 11. Rc1 Re8 12. Qd2 Ne5 13. Rfd1 Rd8 14. h3 Bd7 15. e4 Ng6 16. Nc2 Be8 17. Ne3 h5 18. h4 Rac8 19. Bb4 Bf8 20. Qb2 Ne5 21. a4 Qb6 22. Ba3 Nfd7 23. a5 Qc7 24. Ra1 Nf6 25. Rd2 Nc6 26. Ne2 Ne5 27. Bb4 Bc6 28. Nc3 g6 29. Qa3 Rd7 30. Rad1 Rcd8 31. Kf1 Nfg4 32. Nxg4 hxg4 33. Ne2 Nf3 34. Bxf3 gxf3 35. Nc3 d5 36. exd5 Qe5 37. Bxf8 Qf5 38. Rd3 Rxf8 39. Qc1 exd5 40. Nxd5 Bxd5 41. cxd5 Re8 42. Kg1 Rxd5 43. Re3 Rxe3 44. Rxd5 Qh3 45. Rd8+ Kh7 46. Rh8+ Kxh8 47. Qb2+ Kg8 48. fxe3 Qxg3+ 49. Kf1 Qxh4 50. Qf2 Qh1+ 51. Qg1 Qxg1+ 52. Kxg1 0-1

[Event "Oberliga Wuerttemberg 0708"]
[Site "Wuerttemberg"]
[Date "2007.12.09"]
[Round "4.2"]
[White "Hirneise, Tobias"]
[Black "Hofmann, Martin"]
[Result "1-0"]
[WhiteElo "2382"]
[BlackElo "2163"]
[PlyCount "87"]
[EventDate "2007.10.07"]
[EventType "team-tourn"]
[EventRounds "9"]
[EventCountry "GER"]
[SourceTitle "EXT 2018"]
[Source "ChessBase"]
[SourceDate "2017.10.13"]
[SourceVersion "1"]
[SourceVersionDate "2017.10.13"]
[SourceQuality "1"]
[WhiteTeam "Rommelshausen"]
[BlackTeam "Stuttgart SF II"]
[WhiteTeamCountry "GER"]
[BlackTeamCountry "GER"]

1. e4 c5 2. Nf3 Nc6 3. d4 cxd4 4. Nxd4 e6 5. Nc3 a6 6. Be2 Nge7 7. f4 Nxd4 8. Qxd4 Nc6 9. Qf2 b5 10. Be3 Bb4 11. 0-0 0-0 12. a4 Bxc3 13. bxc3 bxa4 14. Bb6 Qf6 15. e5 Qg6 16. Bc5 Re8 17. Bd3 f5 18. Bd6 Bb7 19. Rfb1 Nd8 20. Rxa4 Bc6 21. Rxa6 Nf7 22. Rxa8 Rxa8 23. Bc5 h6 24. h3 h5 25. Kh2 Qh6 26. Be7 Re8 27. Bh4 Kh8 28. Rb4 Rc8 29. Ba6 Rg8 30. Bb7 Nd8 31. Bxc6 Nxc6 32. Rb7 Nb8 33. Bg5 Qg6 34. Qc5 Qe8 35. Qd6 Kh7 36. c4 Kg6 37. c5 Qf8 38. Be7 Qc8 39. Rc7 Qe8 40. c6 Nxc6 41. Rxd7 Nb8 42. Qxe6+ Kh7 43. Rd8 Qa4 44. Qxg8+ 1-0

[Event "FRA-chT2 East 0607"]
[Site "France"]
[Date "2006.11.26"]
[Round "3.2"]
[White "Hofmann, Martin"]
[Black "Schwalfenberg, Joerg"]
[Result "0-1"]
[WhiteElo "2190"]
[BlackElo "2324"]
[PlyCount "34"]
[EventDate "2006.10.15"]
[EventType "team"]
[EventRounds "11"]
[EventCountry "FRA"]
[SourceTitle "EXT 2008"]
[Source "ChessBase"]
[SourceDate "2007.11.25"]
[SourceVersion "1"]
[SourceVersionDate "2007.11.25"]
[SourceQuality "1"]
[WhiteTeam "Selestat"]
[BlackTeam "Gambsheim"]
[WhiteTeamCountry "FRA"]
[BlackTeamCountry "FRA"]

1. d4 d5 2. c4 c6 3. Nf3 Nf6 4. e3 e6 5. Nc3 Nbd7 6. Qc2 Bd6 7. Bd3 dxc4 8. Bxc4 0-0 9. Ne4 Nxe4 10. Qxe4 e5 11. Bd2 Nf6 12. Qc2 e4 13. Ne5 Qe7 14. Bc3 Be6 15. a3 Nd5 16. Qxe4 Nxc3 17. bxc3 Bxc4 0-1

[Event "Regionalliga NO 0203"]
[Site "Bayern"]
[Date "2002.11.17"]
[Round "2.5"]
[White "Petzold, Vinzenz"]
[Black "Hofmann, Martin"]
[Result "1/2-1/2"]
[WhiteElo "2034"]
[BlackElo "2023"]
[PlyCount "88"]
[EventDate "2002.10.20"]
[EventType "team-tourn"]
[EventRounds "9"]
[EventCountry "GER"]
[SourceTitle "EXT 2004"]
[Source "ChessBase"]
[SourceDate "2003.11.25"]
[SourceVersion "1"]
[SourceVersionDate "2003.11.25"]
[SourceQuality "1"]
[WhiteTeam "Erlangen"]
[BlackTeam "Weiden"]
[WhiteTeamCountry "GER"]
[BlackTeamCountry "GER"]

1. d4 Nf6 2. c4 c5 3. d5 b5 4. cxb5 a6 5. b6 Qxb6 6. Nc3 d6 7. e4 g6 8. Nf3 Bg4 9. Be2 Nbd7 10. 0-0 Bg7 11. Nd2 Bxe2 12. Qxe2 0-0 13. Nc4 Qc7 14. a4 Nb6 15. Nxb6 Qxb6 16. a5 Qb4 17. Ra4 Qb3 18. Ra3 Qb4 19. Ra4 Qb3 20. Bd2 Nd7 21. Raa1 Rfb8 22. Na4 Qb5 23. Qd1 Ra7 24. Qc2 Qb3 25. Rfc1 Rab7 26. Rab1 Rb5 27. h3 Bd4 28. Kf1 f5 29. exf5 Rf8 30. Bc3 Qc4+ 31. Kg1 Rxf5 32. Bxd4 Qxd4 33. Rd1 Qf4 34. Nc3 Rb4 35. Re1 Ne5 36. b3 Qg5 37. Re3 Qf6 38. Ne4 Qf7 39. Rd1 Nd7 40. Qe2 Re5 41. f3 Rb5 42. Qe1 Rb4 43. Qf1 Rb5 44. Qe1 Rb4 1/2-1/2

[Event "Regionalliga NO 0203"]
[Site "Bayern"]
[Date "2002.10.20"]
[Round "1.5"]
[White "Hofmann, Martin"]
[Black "Konsek, Peter"]
[Result "1/2-1/2"]
[WhiteElo "2023"]
[BlackElo "1993"]
[PlyCount "53"]
[EventDate "2002.10.20"]
[EventType "team-tourn"]
[EventRounds "9"]
[EventCountry "GER"]
[SourceTitle "EXT 2004"]
[Source "ChessBase"]
[SourceDate "2003.11.25"]
[SourceVersion "1"]
[SourceVersionDate "2003.11.25"]
[SourceQuality "1"]
[WhiteTeam "Weiden"]
[BlackTeam "Nuernberg Sued SW"]
[WhiteTeamCountry "GER"]
[BlackTeamCountry "GER"]

1. e4 c5 2. c3 d5 3. exd5 Qxd5 4. d4 Nc6 5. Nf3 cxd4 6. cxd4 e5 7. Nc3 Bb4 8. Bd2 Bxc3 9. Bxc3 e4 10. Ne5 Nxe5 11. dxe5 Ne7 12. Qa4+ Bd7 13. Qa3 Qe6 14. b3 0-0 15. Bc4 Nd5 16. Bxd5 Qxd5 17. Rd1 Qb5 18. Qb4 Rfd8 19. Qxb5 Bxb5 20. h4 Bd3 21. Rh3 Rac8 22. Rc1 Rd5 23. f4 Ra5 24. a4 Rac5 25. Kd2 b5 26. axb5 Rxb5 27. b4 1/2-1/2